000
00300nam a2200121Ia 4500
008
231120s2015 xx 000 0 und d
041
_a
eng
082
_a
757
100
_a
TRICIA REICHERT
245
_a
ART ANSWERS: PORTRAIT PAINTING
260
_a
SEARCH PRESS
_b
SEARCH PRESS
_c
2015
300
_a
P-224
999
_c
933422
_d
933422